Értünk - a városért! Díszpolgárság, utcanevek, szimbólumok /

Elmentve itt :
Bibliográfiai részletek
Szerző: Tandi Lajos
Dokumentumtípus: Cikk
Megjelent: 1989-03-20
Sorozat:Délmagyarország 79 No. 67
Kulcsszavak:utak, utcák
Online Access:http://dmarchiv.bibl.u-szeged.hu/100649
LEADER 00482nab a2200157 i 4500
001 delm100649
005 20190923113305.0
008 190923s1989 hu o 0|| hun d
040 |a SZTE Délmagyarország Archívum  |b hun 
041 |a hun 
100 1 |a Tandi Lajos 
245 1 0 |a Értünk - a városért!   |h [elektronikus dokumentum] :  |b Díszpolgárság, utcanevek, szimbólumok /  |c  Tandi Lajos 
260 |c 1989-03-20 
300 |a 5 
490 0 |a Délmagyarország  |v 79 No. 67 
695 |a utak, utcák